Quizzes
Events
Quiz Creation
Community
Videos
Private Events
Remove Ads
Sign In
Join for FREE
Feedback
Dark Mode
Quiz Categories
Sports
Geography
Music
Movies
Television
Just For Fun
Miscellaneous
History
Literature
Language
Science
Gaming
Entertainment
Religion
Holiday
For Kids
Quiz Lab
Recent
Popular Today
Quiz Kudos Today
Editor Picks
Curator Picks
Quizzes by...
Day
Popularity
Type
Ratings
Length
Year
Community
Subscriptions
Recent Discussions
Orange Saloon
Badges
Playlists
Quests
Create
Leaderboards
Showdown
Live 5
Trivia Bingo
Activity
Puzzle Library
Sporcle Events
Private Events
Virtual Trivia
Globe League
Become a Host
Pub Owners
SporcleCon
Opinionation
Our Games
Videos
Blog
Mobile Apps
Partnerships
Remove Ads and Go Orange
Feedback
Sports
Athletes
MLB
NBA
NHL
NFL
Soccer
Sports Teams
WWE
NCAA
Football
Premier League
Basketball
Baseball
Hockey
Golf
Tennis
Cricket
Rugby
Auto Racing
Olympics
World Cup
Sports
Athletes
MLB
NBA
NHL
NFL
Soccer
Sports Teams
WWE
NCAA
Football
Premier League
Basketball
Baseball
Hockey
Golf
Tennis
Cricket
Rugby
Auto Racing
Olympics
World Cup
Random Quiz
Search Sporcle
×
Quiz Lab
Quiz Lab
Sports
Football
Type in answers that appear in a list
Type in answers that appear in a list
Classic
Best Score? Go Orange.
All FBS Teams in Florida Stats
Can you name the All FBS Teams in Florida?
By
owg
3m
7 Questions
296 Plays
296 Plays
296 Plays
Comments
Comments
Give Quiz Kudos
Give Quiz Kudos
-
- Ratings
hide this ad
Replay
Link that replays current quiz
Next Quiz
Link to next quiz in quiz playlist
You Got
0%
They Got
Avg Score
92%
Avg Friend Score
Upgrade to see
Score Distribution
Jump to the score distribution portion of the page
Score
0/7
Timer
03:00
0
Plays Today
Conference
Team
% Correct
SEC
Florida Gators
98.3%
ACC
Florida State Seminoles
97.6%
ACC
Miami (FL) Hurricanes
95.9%
AAC
South Florida Bulls
93.6%
AAC
Central Florida Knights
93.6%
C-
USA
Florida Atlantic Owls
85.1%
C-
USA
Florida International Panthers
84.4%
Quiz Playlist
Details
Report
Send in Message
Add To Playlist
Classic:
Type in answers that appear in a list
Last Updated: Jan 25, 2018
Quiz Scoreboard
CHALLENGE
Sign Up to Join the Scoreboard
Show All
Scores
Hide
Comments
May contain spoilers
Recently Published
One Thing in Common: World Cities II
by knightlancer
Geography
7m
Popular People in 1961
by mucciniale
History
6m
1-10 Letter E Words III
by El_Dandy
Language
2m
More to Explore
Quiz From the Vault
Featured Blog Post
Where Did the Easter Bunny Come From?
hide this ad
You Might Also Like...
Tags
College Quiz
Football Quiz
NCAA Quiz
College Sports
FBS
florida
NCAA Football
Today's Top Quizzes in Sports
Browse Sports
hide this ad
Today's Top Quizzes in Football
Browse Football
Top Contributed Quizzes in Sports
1
Les meilleurs buteurs des matchs entre le PSG et l’OM
2
Les entraîneurs de l'OM et du PSG au 21e siècle
3
FIFA Club World Cup Champions
4
2022 World Cup Stars
5
Name the Premier League winners with different clubs
6
La finale Lions - Afrique du Sud 2021
7
Criteria MLB: Left Handed Sluggers
8
Players with Multiple 50 Home Run Seasons
9
MLB Players with Two .350 Batting Average Seasons
10
MLB Hall of Famer by Rings
Explore More
Trending Topics
Crossword
Kpop
Disney
Harry Potter
NBA
Marvel
Anime
Pokémon
Puzzle
NFL
Soccer
The Office
Song
Country
WWE
hide this ad
More By:
owg
Quiz
Plays
Rating
Category
Featured
Created
Big 4 Teams with 3 Words in the Name
10,119
4.71
Sports
Mar 24, 2018
Big 4 Throwback Logos
7,943
3.68
Sports
Mar 14, 2018
MLB Throwback Logos
1,214
3.43
Sports
Jan 31, 2018
NCAAF #1 Team in Final AP Top 25 Poll Since 1990
926
3.67
Sports
Feb 17, 2018
NHL Throwback Logos
924
3.75
Sports
Jan 31, 2018
Go to Creator's Profile
Score Distribution
Quiz Creator Spotlight
owg
Follow
Send a Message
Quizzes Created
-
Created Quiz Play Count
-
More By This Creator
Popular Quizzes Today
1
Find the US States - No Outlines Minefield
2
Find the Countries of Europe - No Outlines Minefield
3
The Countries of the World
4
Popular People in 1961
5
1-10 Letter E Words III
6
Find the US States
7
One Thing in Common: World Cities II
8
US States
More Sports Quizzes
Thierry Henry's Career
Quiz Lab
Trending Quizzes
Risky Map Clicking: Least Populous States A-Z
1-10 Letter F Words
1-10 Letter G Words
One Thing in Common: United Kingdom
Risky Map Clicking: Biggest States A-Z
Recently Updated
Leaping Animals
pecheneg
Reality TV Shows (A-Z)
bhenderson79
Rickey Henderson's Hall of Fame Teammates
pecheneg
Champions League XIs: Arsenal
pecheneg
Quick Pick: Celebrities in WWE's Hall of Fame
aduchscher
A-Z Keypad Blitz II
pecheneg
Multiple Oscar Actors
pecheneg
Mystery Phrase Blitz: Oscar 'Best Actors'
pecheneg
F. Scott Fitzgerald Novels
LTH
Pick 3 Villains
ddd62291
Trending Topics
NBA
Anime
Kpop
Disney
Harry Potter
Marvel
Crossword
NFL
WWE
Country
Song
Pokémon
The Office
Soccer
Puzzle
Your Account Isn't Verified!
In order to create a playlist on Sporcle, you need to verify the email address you used during registration. Go to your
Sporcle Settings
to finish the process.
Report this User
Report this user for behavior that violates our
Community Guidelines
.
Details:
Send Report
Go to the Sporcle.com Mobile Site →
Comments